000 00880nam a2200265 i 4500
005 20220316235225.0
008 121119s2000 ck a gs 000 j spa d
020 _a9582400110
040 _aCO-BoRNBP
_bspa
_cCO-BoRNBP
_erda
041 _aspa
100 1 _aEnde, Michael,
_d1929-1995
_eautor
245 1 0 _aTranquila Tragaleguas
_bla tortuga cabezota
_cMichael Ende
250 _bOnceava reimpresión
_a1a. ed.
264 1 _aBogotá
_bEditorial Santillana
_c2000
300 _a42 páginas
_bilustraciones a color
_c19 cm.
336 _atexto
_btxt
_2rdacontent
337 _asin mediación
_bn
_2rdamedia
338 _avolumen
_bnc
_2rdacarrier
650 1 4 _2LEMB
_aCuentos infantiles alemanes
_ySiglo XX
650 1 4 _2LEMB
_aLiteratura infantil alemana
_ySiglo XX
650 1 4 _2LEMB
_aTortugas
_vCuentos
650 1 4 _2LEMB
_aAnimales
_vCuentos
942 _2loc
_cBKLIT
084 _aC END1
999 _c276
_d276